American Truck Simulator Cities on a Map - Statistics

General Stats
  • This quiz has been taken 88 times
    21 since last reset
  • The average score is 91 of 263
Answers on the Map
Answers color-coded by a green-red scale on the quiz's map according to % correct below.
 
Answer Stats
Answer % Correct
Dallas
87%
Denver
87%
Houston
87%
Las Vegas
87%
Los Angeles
87%
Oklahoma City
87%
Portland
87%
San Diego
87%
Seattle
87%
Bakersfield
80%
Colorado Springs
80%
El Paso
80%
Kansas City
80%
Lincoln
80%
Oakland
80%
Sacramento
80%
San Francisco
80%
San Jose
80%
Albuquerque
73%
Austin
73%
Boise
73%
Fort Worth
73%
Fresno
73%
Idaho Falls
73%
Little Rock
73%
New Orleans
73%
Omaha
73%
Phoenix
73%
Reno
73%
Wichita
73%
Brownsville
67%
Helena
67%
McAllen
67%
Redding
67%
St. Louis
67%
Amarillo
60%
Baton Rouge
60%
Carson City
60%
Cheyenne
60%
Coeur d'Alene
60%
Corpus Christi
60%
Des Moines
60%
Eureka
60%
Lubbock
60%
Salem
60%
Salt Lake City
60%
San Antonio
60%
Santa Fe
60%
Santa Maria
60%
Spokane
60%
Springfield
60%
Topeka
60%
Tucson
60%
Tulsa
60%
Billings
53%
Butte
53%
Jefferson City
53%
Laredo
53%
Nampa
53%
Olympia
53%
Stockton
53%
Tacoma
53%
Texarkana
53%
Vancouver
53%
Waco
53%
Bozeman
47%
Casper
47%
Davenport
47%
Fayetteville
47%
Flagstaff
47%
Galveston
47%
Las Cruces
47%
Santa Cruz
47%
Yuma
47%
Astoria
40%
Bellingham
40%
Bend
40%
Elko
40%
Eugene
40%
Everett
40%
Gillette
40%
Grand Canyon Village
40%
Great Falls
40%
Hilt
40%
Indio
40%
Missoula
40%
Modesto
40%
Nogales
40%
Ogden
40%
Oxnard
40%
Pueblo
40%
Roswell
40%
Shreveport
40%
Springdale
40%
Twin Falls
40%
Ukiah
40%
Wichita Falls
40%
Winnemucca
40%
Aberdeen
33%
Barstow
33%
Beaumont
33%
Blythe
33%
El Centro
33%
Ely
33%
Fort Smith
33%
Grand Junction
33%
Kalispell
33%
Kennewick
33%
Lafayette
33%
Lewiston
33%
Ontario
33%
Provo
33%
Salmon
33%
Sandpoint
33%
Sioux City
33%
Abilene
27%
Alamogordo
27%
Burlington
27%
Burns
27%
Cody
27%
Columbia
27%
Coos Bay
27%
Dubuque
27%
Durango
27%
Fort Collins
27%
Harrison
27%
Havre
27%
Hays
27%
Huron
27%
Iowa City
27%
Jackpot
27%
Jackson
27%
Jonesboro
27%
Kingman
27%
Klamath Falls
27%
Lake Havasu City
27%
Laramie
27%
Longview
27%
Medford
27%
Miles City
27%
Mojave
27%
Newport
27%
Pine Bluff
27%
Pocatello
27%
Port Angeles
27%
Primm
27%
Rock Springs
27%
Salina
27%
San Simon
27%
Sidney
27%
Sierra Vista
27%
Steamboat Springs
27%
St. George
27%
St. Joseph
27%
The Dalles
27%
Truckee
27%
Tyler
27%
Wenatchee
27%
Yakima
27%
Alliance
20%
Artesia
20%
Camp Verde
20%
Carlsbad
20%
Cedar Rapids
20%
Clovis
20%
Colby
20%
Columbus
20%
Council Bluffs
20%
Dodge City
20%
El Dorado
20%
Emporia
20%
Enid
20%
Garden City
20%
Glendive
20%
Hobbs
20%
Holbrook
20%
Hot Springs
20%
Hutchinson
20%
Joplin
20%
Junction
20%
Lake Charles
20%
Lakeview
20%
Logan
20%
Moab
20%
Natchitoches
20%
North Platte
20%
Odessa
20%
Page
20%
Pioche
20%
Rawlins
20%
Sheridan
20%
Show Low
20%
Sterling
20%
Tonopah
20%
Tucumcari
20%
Victoria
20%
Winslow
20%
Alamosa
13%
Alexandria
13%
Ardmore
13%
Cape Girardeau
13%
Cedar City
13%
Clifton
13%
Clinton
13%
Dalhart
13%
Del Rio
13%
Evanston
13%
Farmington
13%
Fort Dodge
13%
Fort Stockton
13%
Gallup
13%
Grand Coulee
13%
Grand Island
13%
Grangeville
13%
Guymon
13%
Houma
13%
Junction City
13%
Kayenta
13%
Ketchum
13%
Kirksville
13%
Lamar
13%
Laurel
13%
Lawton
13%
Marysville
13%
Monroe
13%
Montrose
13%
Norfolk
13%
Omak
13%
Pendleton
13%
Phillipsburg
13%
Pittsburg
13%
Price
13%
Rangely
13%
Raton
13%
Riverton
13%
San Angelo
13%
Scottsbluff
13%
Thompson Falls
13%
Valentine
13%
Van Horn
13%
Vernal
13%
Waterloo
13%
Woodward
13%
Chadron
7%
Colville
7%
DeRidder
7%
Glasgow
7%
Idabel
7%
Lewistown
7%
Lufkin
7%
Maryville
7%
Mason City
7%
McAlester
7%
McCook
7%
Ottumwa
7%
Poplar Bluff
7%
Port Fourchon
7%
Rolla
7%
Socorro
7%
No matching quizzes found
Score Distribution
Percent of People with Each Score
Percentile by Number Answered
Your Score History
You have not taken this quiz since the last reset